000 00635nam a2200205Ia 4500
003 IN-BaIIA
008 211028s9999 xx 000 0 eng d
020 _a978-0-486-66110-0
040 _cIIA Library
080 _a532
_bARI
100 _aAris, Rutherford
_914226
245 0 _aVectors, tensors, and basic equations of fluid mechanics
_cRutherford Aris
260 _aNew York
_bDover Publications
_c1989
300 _axiv, 286p.
650 _aCalculus of tensors
_924279
650 _aFluid dynamics
_91512
650 _aFluid mechan
_924280
650 _aVector analysis
942 _cBK
999 _c13831
_d13831